[Event "29th World Junior Girls"]
[Site "Chennai IND"]
[Date "2011.08.12"]
[Round "10.15"]
[White "Ivana Maria, Furtado"]
[Black "Tokhirjanova, Hulkar"]
[Result "0-1"]
[WhiteTitle "WFM"]
[WhiteElo "2012"]
[BlackElo "2119"]
[WhiteFideId "5048400"]
[BlackFideId "14202247"]
[EventDate "2011.08.02"]

1. d4 Nf6 2. c4 e6 3. Nf3 d5 4. Nc3 Nbd7 5. cxd5 exd5 6. Bf4 Bb4 7. Qb3 c5 8. a3
Bxc3+ 9. bxc3 c4 10. Qc2 Qa5 11. Nd2 O-O 12. f3 Nb6 13. Bg5 Nbd7 14. Bf4 Re8 15.
g4 Nb6 16. Bg5 Re6 17. Bg2 Na4 18. Nb1 Rb6 19. Bxf6 gxf6 20. Kf2 Rb2 21. Qc1 Bd7
22. Rd1 Rb3 23. Qd2 Nxc3 24. Nxc3 Qxc3 25. Qh6 Re8 26. Qxf6 Rxe2+ 27. Kg1 Qe3+
28. Kh1 Rbb2 29. Rg1 Qe7 30. Qf4 c3 31. Qc7 Bc6 32. Qa5 Qe3 33. Qd8+ Kg7 34.
Rac1 Rxg2 35. Rxg2 Qxc1+ 36. Rg1 Qf4 37. Rg3 c2 38. g5 c1=Q+ 39. Rg1 Qxf3# 0-1

[Event "29th World Junior Girls"]
[Site "Chennai IND"]
[Date "2011.08.12"]
[Round "10.16"]
[White "Martinez, Ayelen"]
[Black "Bharathi, R."]
[Result "1-0"]
[BlackTitle "WFM"]
[WhiteElo "2011"]
[BlackElo "2117"]
[WhiteFideId "118702"]
[BlackFideId "5044634"]
[EventDate "2011.08.02"]

1. e4 c5 2. Nf3 e6 3. d3 Nc6 4. g3 g6 5. Bg2 Bg7 6. O-O Nge7 7. Re1 e5 8. Be3 d6
9. c3 O-O 10. d4 cxd4 11. cxd4 Qb6 12. Nc3 Qxb2 13. Rc1 exd4 14. Nxd4 Qb4 15.
Ncb5 Nxd4 16. Nxd4 Qa5 17. Re2 Bd7 18. Nb3 Qb4 19. Rc7 Rfd8 20. Bg5 f6 21. Bf4
Nc8 22. Qd5+ Kh8 23. Qf7 Nb6 24. Bd2 Qa4 25. Bh6 Rg8 26. Bxg7+ Rxg7 27. Qf8+ Rg8
28. Qxf6+ Rg7 29. Qf8+ Rg8 30. Qxd6 Qxa2 31. Qd4+ Rg7 32. Nc5 Kg8 33. Nxd7 Nxd7
34. Bf1 Qb1 35. Kg2 Re7 1-0

[Event "29th World Junior Girls"]
[Site "Chennai IND"]
[Date "2011.08.12"]
[Round "10.17"]
[White "Frayna, Janelle Mae"]
[Black "Forestier, Carole"]
[Result "1-0"]
[WhiteElo "1875"]
[BlackElo "2101"]
[WhiteFideId "5212499"]
[BlackFideId "641405"]
[EventDate "2011.08.02"]

1. c4 e6 2. g3 d5 3. Bg2 dxc4 4. Na3 Bxa3 5. bxa3 Nd7 6. Qc2 Nb6 7. Bb2 Nf6 8.
Nf3 Bd7 9. Ne5 Ba4 10. Qc1 Nfd5 11. Nxc4 O-O 12. O-O c6 13. d3 Nxc4 14. Qxc4 Bb5
15. Qg4 Nf6 16. Qh4 a5 17. a4 Ba6 18. Rab1 Rc8 19. Rfc1 Nd5 20. Qg4 Nf6 21. Qg5
h6 22. Bxf6 hxg5 23. Bxd8 Rfxd8 24. Rc5 g4 25. Rxa5 f5 26. f3 gxf3 27. Bxf3 Kf7
28. Kf2 Kf6 29. g4 Rd4 30. h3 g6 31. a3 Rh8 32. Kg2 e5 33. Rb4 Rhd8 34. Kf2 R4d6
35. gxf5 gxf5 36. Rh4 Rd4 37. Rh6+ Kg7 38. Re6 e4 39. dxe4 fxe4 40. Rxe4 Rxe4
41. Bxe4 Rd2 42. Bf3 Ra2 43. h4 Kg6 44. Rc5 Rxa3 45. Bxc6 Rh3 46. h5+ Kh6 47.
Bf3 Rh4 48. a5 Ra4 49. Re5 Ra2 50. Kg3 Ra4 51. Re6+ Kh7 52. Re5 Kh6 53. e4 Ra3
54. Kf4 Bc4 55. Rf5 Kg7 56. Kg5 Bb3 57. h6+ Kh8 58. Re5 Bg8 59. Bg4 Rg3 60. Re8
b6 61. axb6 Rb3 62. Rxg8+ 1-0

[Event "29th World Junior Girls"]
[Site "Chennai IND"]
[Date "2011.08.12"]
[Round "10.18"]
[White "Pon, NKrithika"]
[Black "Deur Saric, Zrinka"]
[Result "1/2-1/2"]
[WhiteTitle "WFM"]
[WhiteElo "2075"]
[BlackElo "2116"]
[WhiteFideId "5019354"]
[BlackFideId "14512670"]
[EventDate "2011.08.02"]

1. e4 c5 2. Nf3 d6 3. d4 cxd4 4. Nxd4 Nf6 5. Nc3 Bd7 6. Bg5 e6 7. f4 Nc6 8. Qd2
h6 9. Bxf6 Qxf6 10. Ndb5 O-O-O 11. Qf2 Kb8 12. O-O-O Bc8 13. g3 Qe7 14. Bg2 a6
15. Nd4 Nxd4 16. Qxd4 Qc7 17. Rd3 Bd7 18. Nb1 Bc6 19. c4 Rg8 20. Nc3 g5 21. Bf3
Bg7 22. Qe3 Qa5 23. Kb1 Qc5 24. Rc1 Qxe3 25. Rxe3 gxf4 26. gxf4 Bf6 27. Rd1 Kc7
28. Ne2 b6 29. Kc2 Rg7 30. b3 a5 31. a4 Rgg8 32. Red3 h5 33. Re3 h4 34. Nc3 Rg7
35. Ne2 Rdg8 36. Rf1 Rd8 37. Rd1 Rdg8 38. Rf1 Rd8 39. Kd3 Bb2 40. Nd4 Ba3 41.
Bh1 Bc5 42. Nxc6 1/2-1/2

[Event "29th World Junior Girls"]
[Site "Chennai IND"]
[Date "2011.08.12"]
[Round "10.19"]
[White "Eric, Jovana"]
[Black "Degrande, Marigje"]
[Result "1-0"]
[WhiteTitle "WIM"]
[WhiteElo "2282"]
[BlackElo "1890"]
[WhiteFideId "938238"]
[BlackFideId "262757"]
[EventDate "2011.08.02"]

1. e4 Nf6 2. e5 Nd5 3. d4 d6 4. Nf3 dxe5 5. Nxe5 Bf5 6. c4 Nf6 7. Nc3 c6 8. Be2
Nbd7 9. f4 e6 10. O-O h5 11. Be3 Nb6 12. Kh1 Ng4 13. Bg1 Nxe5 14. fxe5 Bb4 15.
Qb3 Bxc3 16. bxc3 Qe7 17. d5 g5 18. Bxb6 axb6 19. Qxb6 g4 20. dxc6 Ra6 21. Qxb7
Qxb7 22. cxb7 Rb6 23. a4 Ke7 24. c5 Rxb7 25. Bb5 Rc7 26. c6 Be4 27. a5 Bxc6 28.
c4 Ra8 29. a6 Raa7 30. Rf4 Bd7 31. Kg1 Bc8 32. Kf2 Rc5 33. Re4 Bd7 34. Rb1 Bc8
35. Kg3 Rcc7 36. Ra1 Kf8 37. Kh4 Rc5 38. Rf1 Rcc7 39. Kxh5 Bxa6 40. Bxa6 Rxa6
41. Kxg4 Ra2 42. Kg3 Rc2 43. Rff4 Ra7 44. Rg4 Raa2 45. Kh3 Ra3+ 46. Kh4 Raa2 47.
Kg5 Rxg2 48. h4 Rgf2 49. Ref4 Rxf4 50. Kxf4 Rf2+ 51. Ke4 Rd2 52. Ke3 Rd1 53. Ke2
Rd8 54. h5 Ra8 55. Ke3 Ra3+ 56. Kf4 Rh3 57. Kg5 Re3 58. h6 Rxe5+ 59. Kh4 Re1 60.
c5 Rc1 61. c6 Ke7 62. c7 Kd7 63. Kg5 Rxc7 64. h7 Rc8 65. Kh6 Rh8 66. Rg7 e5 67.
Kg5 Ke7 68. Kf5 Ra8 69. Rg8 1-0

[Event "29th World Junior Girls"]
[Site "Chennai IND"]
[Date "2011.08.12"]
[Round "10.20"]
[White "Lasya, G"]
[Black "Imeeva, Aisa"]
[Result "1-0"]
[WhiteElo "1898"]
[BlackElo "2094"]
[WhiteFideId "5068800"]
[BlackFideId "24116157"]
[EventDate "2011.08.02"]

1. e4 e5 2. Nf3 Nc6 3. Bb5 a6 4. Ba4 Nf6 5. O-O Be7 6. Re1 b5 7. Bb3 d6 8. c3
O-O 9. h3 Na5 10. Bc2 c5 11. d4 Bb7 12. d5 Nc4 13. a4 Nb6 14. b3 g6 15. a5 Nbd7
16. Bh6 Re8 17. Nbd2 Nh5 18. Nf1 Bf8 19. Qd2 Bxh6 20. Qxh6 Qf6 21. N1h2 Qg7 22.
Qd2 Kh8 23. Ng4 Rf8 24. Ng5 Ndf6 25. g3 Bc8 26. Nxf6 Qxf6 27. Bd1 h6 28. Nf3 Qg7
29. Kh2 f6 30. Nh4 Rg8 31. Bxh5 gxh5 32. Rg1 Qg5 33. f4 exf4 34. Qxf4 Qxf4 35.
gxf4 Bd7 36. Ng6+ Kh7 37. f5 Rae8 38. Rae1 Rg7 39. Nf4 Rg5 40. Rxg5 hxg5 41.
Nxh5 Rf8 42. Ng3 Kg7 43. Kg2 Rh8 44. Nf1 Re8 45. Re3 Kh6 46. Nh2 Kg7 47. Ng4 Rh8
48. Rg3 Be8 49. b4 c4 50. Ne3 Kf8 51. Nc2 Bh5 52. Nd4 Bd1 53. Kf2 Kf7 54. Ke3
Rh4 55. Kd2 Bh5 56. Re3 Ke7 57. Ke1 Rf4 58. Nxb5 Bf3 59. Nd4 Rxe4 60. Nc2 Kd7
61. Rxe4 Bxe4 62. Ne3 Bd3 63. Kf2 Kc7 64. Kg3 Kd8 65. h4 gxh4+ 66. Kxh4 Be2 67.
Ng4 Bd3 68. Nxf6 Bxf5 69. Kg5 Bh3 70. Ne4 Bg2 71. Kf4 Kc7 72. Ke3 Bh1 73. Kd4
Bg2 74. Nd2 1-0

[Event "29th World Junior Girls"]
[Site "Chennai IND"]
[Date "2011.08.12"]
[Round "10.21"]
[White "Gevorgyan, Maria"]
[Black "Hema, Priya N"]
[Result "0-1"]
[WhiteElo "2068"]
[BlackElo "1885"]
[WhiteFideId "13300270"]
[BlackFideId "5059178"]
[EventDate "2011.08.02"]

1. e4 c6 2. d4 d5 3. e5 Bf5 4. h4 h5 5. Bg5 Qb6 6. Bd3 Bxd3 7. Qxd3 e6 8. Nd2 c5
9. dxc5 Bxc5 10. O-O-O Nc6 11. Ngf3 a5 12. a3 Nge7 13. Be3 Bxe3 14. fxe3 Qa6 15.
Qxa6 Rxa6 16. e4 O-O 17. exd5 Nxd5 18. Rde1 Nce7 19. Rhg1 Nf5 20. g4 hxg4 21.
Rxg4 Rc8 22. Nf1 Rac6 23. Re2 b5 24. Ne1 Rc4 25. Ree4 R4c6 26. Kb1 b4 27. a4 Nb6
28. Ne3 Nxa4 29. Nc4 Nc5 30. Re2 Rd8 31. Kc1 Rc7 32. Nf3 b3 33. Reg2 bxc2 34.
Kxc2 Na6 35. Kb1 Rd1+ 36. Ka2 Nb4+ 37. Ka3 Rd3+ 38. Ka4 Rxf3 39. Nd6 Nc6 40.
Nxf5 Rxf5 41. Rxg7+ Kf8 42. R7g5 Rf4+ 43. Kb5 Rb4+ 44. Kc5 Ne7+ 45. Kd6 Rc6+ 0-1

[Event "29th World Junior Girls"]
[Site "Chennai IND"]
[Date "2011.08.12"]
[Round "10.22"]
[White "Shetye, Siddhali"]
[Black "Savetha, C H"]
[Result "0-1"]
[WhiteElo "1890"]
[BlackElo "1992"]
[WhiteFideId "5038294"]
[BlackFideId "5042224"]
[EventDate "2011.08.02"]

1. d4 f5 2. Nf3 Nf6 3. g3 g6 4. Bg2 Bg7 5. O-O O-O 6. b3 d6 7. Bb2 c6 8. c4 Qe8
9. Nbd2 Na6 10. a3 h6 11. Qc2 g5 12. e4 fxe4 13. Nxe4 Nxe4 14. Qxe4 Bf5 15. Qe3
Bf6 16. Nd2 Qg6 17. Ne4 Bg7 18. Rfe1 Rae8 19. Qd2 Rf7 20. b4 Nc7 21. c5 d5 22.
Nc3 Ref8 23. Re3 h5 24. Rae1 e6 25. Ne2 Bg4 26. Rf1 Bf3 27. Bxf3 Rxf3 28. Kg2 h4
29. Ng1 R3f7 30. Qd3 Qh5 31. Qe2 g4 32. gxh4 Qxh4 33. Rg3 Rf4 34. h3 Bxd4 35.
Bxd4 Rxd4 36. Qe5 Nb5 37. Qxe6+ Kg7 38. Rxg4+ Rxg4+ 39. Qxg4+ Qxg4+ 40. hxg4
Nxa3 41. Ra1 Nb5 42. Kg3 d4 43. Rd1 Rd8 44. Rd3 b6 45. Nf3 bxc5 46. bxc5 Rd5 47.
Kf4 a5 48. Nh4 a4 49. Nf5+ Kf8 50. g5 a3 51. Rd2 Nc3 52. g6 Rxf5+ 53. Kxf5 a2
54. Rxa2 Nxa2 55. Ke4 Kg7 56. Kxd4 Kxg6 57. Kc4 Kf5 58. Kb3 Nc1+ 59. Ka4 Ke5 60.
Kb4 Nd3+ 61. Ka5 Nxf2 0-1

[Event "29th World Junior Girls"]
[Site "Chennai IND"]
[Date "2011.08.12"]
[Round "10.24"]
[White "Madhurima, Shekhar"]
[Black "Sithalatchumi, A"]
[Result "1/2-1/2"]
[WhiteElo "1854"]
[BlackElo "1939"]
[WhiteFideId "5067910"]
[BlackFideId "5036186"]
[EventDate "2011.08.02"]

1. e4 e6 2. d4 d5 3. Nc3 Bb4 4. e5 c5 5. dxc5 Bxc3+ 6. bxc3 Ne7 7. Nf3 Qa5 8.
Bd2 Qxc5 9. Bd3 Qc7 10. O-O Nd7 11. Re1 Nc5 12. Nd4 a6 13. Qh5 Nxd3 14. cxd3 Ng6
15. Nf3 Bd7 16. Rab1 Bb5 17. d4 h6 18. Nh4 Bd3 19. Ra1 Qe7 20. Nxg6 Bxg6 21. Qd1
O-O 22. Qb3 Rfc8 23. a4 a5 24. Qb5 Rc4 25. Ra2 Qe8 26. Qxe8+ Rxe8 27. Rea1 Rb8
28. Rb2 Kf8 29. f3 Ke7 30. Kf2 Kd7 31. Ke2 Kc6 32. Raa2 h5 33. Kd1 f6 34. exf6
gxf6 35. Ra3 Bf5 36. g3 Bd3 37. Bf4 Re8 38. Kd2 Bf5 39. Be3 e5 40. Raa2 Re7 41.
Ra1 Bd7 42. Raa2 Bf5 43. Ra1 Bd7 1/2-1/2

[Event "29th World Junior Girls"]
[Site "Chennai IND"]
[Date "2011.08.12"]
[Round "10.26"]
[White "Salini, R"]
[Black "Shweta, Gole"]
[Result "1/2-1/2"]
[WhiteElo "1795"]
[BlackElo "1922"]
[WhiteFideId "5098483"]
[BlackFideId "5068487"]
[EventDate "2011.08.02"]

1. g3 e5 2. Bg2 d5 3. e3 Nf6 4. Ne2 Bg4 5. d4 Nc6 6. O-O Be7 7. dxe5 Nxe5 8. h3
Bf3 9. Bxf3 Nxf3+ 10. Kg2 Ng5 11. h4 Ne6 12. Nd4 Qd7 13. Nc3 O-O 14. Qf3 g6 15.
Qe2 Rfe8 16. Nxe6 Qxe6 17. Rd1 a6 18. Qf3 Rad8 19. b3 c6 20. Bb2 Nd7 21. e4 dxe4
22. Nxe4 f6 23. Rd2 Ne5 24. Bxe5 Rxd2 25. Nxd2 Qxe5 26. c3 Rd8 27. Nc4 Qe6 28.
Rd1 Rf8 29. Qe3 Qxe3 30. Nxe3 f5 31. Rd7 Bf6 32. Rxb7 Bxc3 33. Rc7 Rf6 1/2-1/2

[Event "29th World Junior Girls"]
[Site "Chennai IND"]
[Date "2011.08.12"]
[Round "10.27"]
[White "Hannes, Diana"]
[Black "Sahari, J."]
[Result "1/2-1/2"]
[WhiteTitle "WFM"]
[WhiteElo "2188"]
[BlackElo "1911"]
[WhiteFideId "24611344"]
[BlackFideId "5031591"]
[EventDate "2011.08.02"]

1. Nf3 Nf6 2. c4 e6 3. g3 d5 4. b3 Bd6 5. Bb2 c6 6. Bg2 O-O 7. O-O Nbd7 8. d4
Bc7 9. Nc3 a6 10. a4 b6 11. cxd5 cxd5 12. Ba3 Re8 13. Rc1 Bb7 14. Qd3 Rc8 15.
Rc2 Nb8 16. Rfc1 Bd6 17. Bxd6 Qxd6 18. Na2 Nc6 19. e3 Ne4 20. Nd2 Nxd2 21. Qxd2
Qa3 22. Rb1 Na5 23. Nc1 Rxc2 24. Qxc2 Rc8 25. Qd2 Nc6 26. Nd3 Na5 27. Nc1 Nc6
28. Nd3 Na5 29. Nc1 Nc6 30. Nd3 Na5 1/2-1/2

[Event "29th World Junior Girls"]
[Site "Chennai IND"]
[Date "2011.08.12"]
[Round "10.28"]
[White "Heredia Serrano, Carla"]
[Black "Edes, Zsofia"]
[Result "1-0"]
[WhiteTitle "WIM"]
[WhiteElo "2072"]
[BlackElo "2067"]
[WhiteFideId "3603687"]
[BlackFideId "14912368"]
[EventDate "2011.08.02"]

1. e4 g6 2. d4 Bg7 3. Nf3 d6 4. Nc3 Nf6 5. h3 O-O 6. Be3 c6 7. a4 Nbd7 8. Be2 e5
9. dxe5 dxe5 10. O-O Qe7 11. Nd2 Rd8 12. Nb3 Nf8 13. Qc1 Ne6 14. Rd1 Rxd1+ 15.
Bxd1 Ne8 16. Qd2 Bf6 17. Bg4 N8g7 18. Rd1 h5 19. Be2 Kf8 20. Na5 Nd4 21. Nb3
Nge6 22. Bc4 Nxb3 23. Bxb3 Ke8 24. Ne2 Bd7 25. c3 Bc8 26. a5 Nc5 27. Bxc5 Qxc5
28. Qh6 Ke7 29. Qd2 Be6 30. Bxe6 fxe6 31. Qd7+ Kf8 32. Qxe6 Qe7 33. Qd7 Rd8 34.
Qxd8+ Qxd8 35. Rxd8+ Bxd8 36. b4 c5 37. Nc1 Ke7 38. Kf1 Kd6 39. Ke2 b6 40. axb6
Bxb6 41. Nd3 g5 42. g3 cxb4 43. cxb4 a6 44. Kd2 g4 45. hxg4 hxg4 46. Ke2 Ke6 47.
f3 gxf3+ 48. Kxf3 a5 49. bxa5 Bxa5 50. Kg4 Bd2 51. Kh5 Kf6 52. g4 Bf4 53. Ne1 1-0

[Event "29th World Junior Girls"]
[Site "Chennai IND"]
[Date "2011.08.12"]
[Round "10.29"]
[White "Mahalakshmi, M"]
[Black "Guo, Emma"]
[Result "1-0"]
[WhiteTitle "WFM"]
[BlackTitle "WIM"]
[WhiteElo "1901"]
[BlackElo "2029"]
[WhiteFideId "5001080"]
[BlackFideId "3200795"]
[EventDate "2011.08.02"]

1. d4 Nf6 2. c4 e5 3. dxe5 Ng4 4. Bf4 Bb4+ 5. Nd2 d6 6. exd6 Qf6 7. e3 Nxf2 8.
Kxf2 g5 9. Ne4 Qxb2+ 10. Be2 gxf4 11. exf4 cxd6 12. Rb1 Qa3 13. Rb3 Bc5+ 14. Kf1
Qa5 15. Nxd6+ Bxd6 16. Qxd6 Nc6 17. Bf3 Qa6 18. Re3+ Be6 19. Rxe6+ fxe6 20. Bh5# 1-0

[Event "29th World Junior Girls"]
[Site "Chennai IND"]
[Date "2011.08.12"]
[Round "10.30"]
[White "Bala Kannamma, P"]
[Black "Brunello, Roberta"]
[Result "1-0"]
[WhiteElo "1931"]
[BlackElo "2036"]
[WhiteFideId "5081432"]
[BlackFideId "822205"]
[EventDate "2011.08.02"]

1. e4 e5 2. Nf3 Nc6 3. Bb5 d6 4. d4 Bd7 5. O-O Nf6 6. Nc3 Be7 7. Re1 exd4 8.
Nxd4 O-O 9. Nxc6 Bxc6 10. Bxc6 bxc6 11. Bg5 Rb8 12. Rb1 Re8 13. Qf3 Nd7 14. Bxe7
Qxe7 15. b3 Nc5 16. h3 Qe5 17. Re3 Re6 18. Rbe1 Rbe8 19. a4 Qd4 20. Rd1 Qb4 21.
Rde1 Re5 22. Qg4 R5e6 23. h4 d5 24. Na2 Qa3 25. exd5 cxd5 26. Qb4 Qxa2 27. Qxc5
Rxe3 28. Rxe3 Rxe3 29. fxe3 Qa1+ 30. Kf2 Qe5 31. Qxa7 h5 32. Qd4 Qf5+ 33. Kg1
Qxc2 34. Qxd5 Qc1+ 35. Kf2 g6 36. a5 Qb2+ 37. Kg3 Qe2 38. Kh2 Qxe3 39. Qd8+ Kg7
40. Qxc7 Qe1 41. Qf4 Qxa5 42. b4 Qd5 43. Qg3 Qe4 44. b5 Qb4 45. Qe5+ Kh7 46. g3
Qd2+ 47. Kg1 Qc2 48. Kf1 Qd2 49. Qe2 Qd4 50. Kg2 Kg7 51. Kh2 Kh7 52. Kg2 Kg7 53.
Kf3 Qg4+ 54. Kf2 Qd4+ 55. Kf1 Kh7 56. Qc2 Qe3 57. Kg2 Qd4 58. Qb3 f5 59. b6 1-0

[Event "29th World Junior Girls"]
[Site "Chennai IND"]
[Date "2011.08.12"]
[Round "10.31"]
[White "Supriya, Joshi"]
[Black "A, Akshaya"]
[Result "0-1"]
[WhiteElo "1829"]
[BlackElo "1966"]
[WhiteFideId "5063388"]
[BlackFideId "5031605"]
[EventDate "2011.08.02"]

1. e4 e5 2. Nf3 Nc6 3. Bb5 a6 4. Ba4 Nf6 5. d3 b5 6. Bb3 Bc5 7. Nc3 h6 8. O-O d6
9. Nd5 O-O 10. Nxf6+ Qxf6 11. Bd5 Bd7 12. c3 Rab8 13. Be3 Bb6 14. d4 Rfd8 15. a4
exd4 16. cxd4 Nb4 17. a5 Nxd5 18. exd5 Ba7 19. Rc1 Rb7 20. b4 Bg4 21. Rc6 Qf5
22. Qb3 Bxf3 23. gxf3 Qxf3 24. Rfc1 Rd7 25. Rxa6 Re7 26. Rac6 Bxd4 27. Qd1 Rxe3
28. Qxd4 Re4 29. Qc3 Rg4+ 30. Kf1 Qg2+ 31. Ke1 Re4+ 32. Kd1 Qxf2 33. Rc2 Qf1+
34. Kd2 Qe1+ 35. Kd3 Qe3# 0-1

[Event "29th World Junior Girls"]
[Site "Chennai IND"]
[Date "2011.08.12"]
[Round "10.33"]
[White "Tejaswini, Sagar"]
[Black "Mejia Salinas, Lluvia Angelica"]
[Result "1-0"]
[WhiteTitle "WCM"]
[BlackTitle "WCM"]
[WhiteElo "1690"]
[BlackElo "1889"]
[WhiteFideId "5054290"]
[BlackFideId "5101743"]
[EventDate "2011.08.02"]

1. e4 e5 2. Nf3 Nf6 3. Nc3 Nc6 4. Bc4 Nxe4 5. Nxe4 d5 6. Bd3 f5 7. Nc3 e4 8. Bb5
exf3 9. Qxf3 Be6 10. O-O Qd7 11. Re1 O-O-O 12. Bxc6 Qxc6 13. Qe3 Bf7 14. Qxa7 d4
15. Ne2 Bc5 16. Qa5 Rhe8 17. d3 Bd5 18. Bg5 Qg6 19. Nf4 Rxe1+ 20. Rxe1 Qxg5 21.
Nxd5 b6 22. Qa7 Bd6 23. Qa8+ Kd7 24. Qb7 1-0

[Event "29th World Junior Girls"]
[Site "Chennai IND"]
[Date "2011.08.12"]
[Round "10.34"]
[White "Hansen, Erle Andrea Marki"]
[Black "Nivedhitha, J G"]
[Result "1-0"]
[WhiteElo "1770"]
[BlackElo "1743"]
[WhiteFideId "1508229"]
[BlackFideId "5033675"]
[EventDate "2011.08.02"]

1. Nf3 Nf6 2. g3 g6 3. b3 Bg7 4. Bb2 d6 5. d4 O-O 6. Bg2 e5 7. dxe5 Ng4 8. O-O
Nc6 9. h3 Ngxe5 10. Nxe5 Nxe5 11. Qc1 f5 12. e3 Nc6 13. Bxg7 Kxg7 14. c4 Be6 15.
Nc3 Rb8 16. Rd1 Qe7 17. Nb5 a6 18. Nd4 Nxd4 19. Rxd4 Qf7 20. Qd2 Qf6 21. Rd1 Rf7
22. Qe2 Kg8 23. Rf4 Qg7 24. h4 h6 25. Rfd4 Bd7 26. Bd5 Bc6 27. Bxf7+ Qxf7 28. c5
d5 29. a4 Rd8 30. Qd2 Rd7 31. Qa5 g5 32. b4 Re7 33. b5 axb5 34. axb5 Be8 35. Qa2
c6 36. Qe2 Bd7 37. Qf3 Re4 38. Rxe4 dxe4 39. Qe2 gxh4 40. Qd2 Be8 41. gxh4 cxb5
42. Kh1 Qe7 43. Qd5+ Kg7 44. Qd8 Qxd8 45. Rxd8 Bc6 46. Rd6 f4 47. Kh2 fxe3 48.
fxe3 b4 49. Rd4 b3 50. Rb4 Bd5 51. Rb6 Kf7 52. Kg3 Bc6 53. Rxb3 Ke6 54. Rc3 Kd5
55. Kf4 Bb5 56. Kf5 Be2 57. Rb3 Bf3 58. Rxb7 Kxc5 59. Rc7+ Kd6 60. Rc4 h5 61.
Rd4+ Ke7 62. Rd5 Bg2 63. Rd4 Bf3 64. Rd2 Bh1 65. Rd5 Bg2 66. Re5+ Kd7 67. Kf4
Bf3 68. Kg5 Kd6 69. Kf4 Kd7 70. Rxe4 Bxe4 71. Kxe4 Ke6 72. Kf4 Kf6 73. e4 Ke6
74. Kg5 Ke5 75. Kxh5 Kd4 1-0

[Event "29th World Junior Girls"]
[Site "Chennai IND"]
[Date "2011.08.13"]
[Round "11.3"]
[White "Dogodkina, Julia"]
[Black "Bulmaga, Irina"]
[Result "1/2-1/2"]
[BlackTitle "WIM"]
[WhiteElo "2193"]
[BlackElo "2293"]
[WhiteFideId "24143375"]
[BlackFideId "13903063"]
[EventDate "2011.08.02"]

1. e4 c6 2. d4 d5 3. e5 Bf5 4. h4 h6 5. g4 Be4 6. f3 Bg6 7. h5 Bh7 8. e6 Qd6 9.
exf7+ Kxf7 10. Nh3 Qg3+ 11. Ke2 e5 12. Ng5+ hxg5 13. Rh3 Qxh3 14. Bxh3 exd4 15.
Bxg5 Nd7 16. Qxd4 Re8+ 17. Kf1 Bxc2 18. Qd2 Bh7 19. Nc3 Nc5 20. Qf4+ Nf6 21.
Bxf6 Ne6 22. Qd2 gxf6 23. Re1 Bh6 24. Qd1 Nf4 25. Bg2 Rxe1+ 26. Qxe1 Re8 27. Qd1
Bg5 28. Qb3 Kf8 29. Qxb7 Bd3+ 30. Kg1 Re1+ 31. Kh2 Rc1 32. Qb8+ Kg7 33. Qxa7+
Kh6 34. Qb8 Kg7 35. Qc7+ Kg8 36. Qd8+ Kg7 37. Qe7+ Kh6 38. Qf8+ Kh7 39. Qf7+ Kh6
40. Qf8+ Kh7 41. Qf7+ Kh6 42. Qg8 Bh4 43. Qh8+ Kg5 44. Qg7+ Bg6 45. hxg6 Rc2 46.
Qd7 Bg3+ 47. Kg1 Rxg2+ 48. Kf1 Rh2 49. Qf5+ Kh6 50. g5+ fxg5 51. Qf8+ Kxg6 52.
Qg8+ Kf5 53. Qf7+ Ke5 54. Qg7+ 1/2-1/2

[Event "29th World Junior Girls"]
[Site "Chennai IND"]
[Date "2011.08.13"]
[Round "11.4"]
[White "Mammadova, Gulnar Marfat qizi"]
[Black "Paikidze, Nazi"]
[Result "0-1"]
[WhiteTitle "WIM"]
[BlackTitle "WGM"]
[WhiteElo "2294"]
[BlackElo "2416"]
[WhiteFideId "13403508"]
[BlackFideId "13603620"]
[EventDate "2011.08.02"]

1. e4 c6 2. d4 d5 3. e5 Bf5 4. h4 h6 5. g4 Bd7 6. Nd2 e6 7. Nb3 c5 8. dxc5 Bxc5
9. Nxc5 Qa5+ 10. c3 Qxc5 11. Nf3 Qc7 12. Bf4 Ne7 13. h5 Nbc6 14. Bd3 O-O-O 15.
Qe2 Kb8 16. Bg3 Bc8 17. b4 Nxb4 18. O-O Qxc3 19. Bb5 a6 20. Bh4 g5 21. hxg6 Nxg6
22. Bxd8 Rxd8 23. a3 Nc2 24. Rfc1 axb5 25. Qxc2 Qxc2 26. Rxc2 Bd7 27. Rb1 Bc6
28. Rd2 Rg8 29. Rd4 h5 30. Kf1 hxg4 31. Rxg4 Rh8 32. Re1 Be8 33. Kg2 Kc7 34. Kg3
Ne7 35. Nd4 Kb6 36. Rb1 Ka6 37. Rc1 Nc6 38. Nxc6 bxc6 39. a4 Kb6 40. axb5 c5 41.
Rh4 Rxh4 42. Kxh4 Bxb5 43. Kg5 Bd3 44. Kf4 d4 45. Kf3 c4 46. Rd1 Kc5 0-1

[Event "29th World Junior Girls"]
[Site "Chennai IND"]
[Date "2011.08.13"]
[Round "11.5"]
[White "Padmini, Rout"]
[Black "Semenova, Elena"]
[Result "1-0"]
[WhiteTitle "WGM"]
[BlackTitle "WFM"]
[WhiteElo "2348"]
[BlackElo "2175"]
[WhiteFideId "5029295"]
[BlackFideId "24125148"]
[EventDate "2011.08.02"]

1. e4 e5 2. Nf3 Nc6 3. Bb5 a6 4. Ba4 Nf6 5. O-O Be7 6. Re1 b5 7. Bb3 d6 8. c3
O-O 9. h3 Re8 10. d4 Bb7 11. Nbd2 Bf8 12. a3 h6 13. Bc2 d5 14. dxe5 Nxe5 15.
Nxe5 Rxe5 16. Nf3 Re8 17. e5 Ne4 18. Bf4 Bc5 19. Be3 Bxe3 20. Rxe3 f6 21. exf6
Qxf6 22. Qd3 Nd6 23. Qh7+ Kf8 24. Ne5 Rxe5 25. Rf3 Nf5 26. Bxf5 d4 27. Be4 Bxe4
28. Rxf6+ gxf6 29. Qxh6+ Kf7 30. Re1 dxc3 31. Rxe4 cxb2 32. Rb4 Re1+ 33. Kh2 1-0

[Event "29th World Junior Girls"]
[Site "Chennai IND"]
[Date "2011.08.13"]
[Round "11.6"]
[White "Tsatsalashvili, Keti"]
[Black "Hoang, Thi Nhu Y"]
[Result "1-0"]
[WhiteTitle "WIM"]
[BlackTitle "WIM"]
[WhiteElo "2318"]
[BlackElo "2204"]
[WhiteFideId "13603434"]
[BlackFideId "12401455"]
[EventDate "2011.08.02"]

1. d4 d5 2. c4 c6 3. Nf3 Nf6 4. cxd5 cxd5 5. Nc3 Nc6 6. Bf4 Bf5 7. Ne5 Qb6 8.
Nxc6 bxc6 9. f3 e6 10. g4 Bg6 11. Na4 Qb7 12. Rc1 h5 13. g5 Nd7 14. e3 Be7 15.
Qb3 Qxb3 16. axb3 Nb8 17. Ra1 Bb4+ 18. Kf2 Ba5 19. b4 Bd8 20. b5 cxb5 21. Bxb5+
Ke7 22. Rhc1 1-0

[Event "29th World Junior Girls"]
[Site "Chennai IND"]
[Date "2011.08.13"]
[Round "11.7"]
[White "Kulon, Klaudia"]
[Black "Savina, Anastasia"]
[Result "1/2-1/2"]
[WhiteTitle "WFM"]
[BlackTitle "WGM"]
[WhiteElo "2227"]
[BlackElo "2398"]
[WhiteFideId "1131044"]
[BlackFideId "4196872"]
[EventDate "2011.08.02"]

1. d4 Nf6 2. g3 g6 3. Bg2 Bg7 4. e4 d6 5. Nc3 O-O 6. Nge2 Nbd7 7. h3 c5 8. Be3
cxd4 9. Bxd4 Ne5 10. O-O Nc4 11. Nd5 Nxd5 12. Bxg7 Nde3 13. Qd4 e5 14. Qc3 Kxg7
15. fxe3 b5 16. b3 Nb6 17. Rad1 Bb7 18. Qd3 b4 19. Qxd6 Qxd6 20. Rxd6 Ba6 21.
Kf2 Rac8 22. Rc1 Rc5 23. a3 Rfc8 24. Rd2 Bxe2 25. axb4 Rc3 26. Kxe2 Rxb3 27. Ra1
Rxb4 28. Rxa7 Rb2 29. Kd3 Rb1 30. Bf3 Re1 31. Rf2 Rd8+ 32. Kc3 Rxe3+ 33. Kb4 Rb8
34. Ra5 Nd7+ 35. Rb5 Ra8 36. Kc4 Raa3 37. Rb3 Nb6+ 38. Rxb6 Rxf3 39. Rxf3 Rxf3
40. Rb3 Rf2 41. Rc3 Rd2 42. Kc5 f5 43. exf5 gxf5 44. Ra3 Kf6 45. Ra6+ Kg5 46. c4
f4 47. gxf4+ exf4 48. Ra8 Kh4 49. Rf8 Kg3 50. Rg8+ Kxh3 51. Rf8 Kg3 52. Rb8 Kf2
53. Rb7 h5 54. Rh7 f3 55. Rxh5 Ke1 56. Rh1+ Ke2 57. Kc6 Rd1 58. Rh2+ f2 59. c5
Ke3 60. Rxf2 Kxf2 61. Kb7 Rb1+ 62. Ka7 Rc1 63. Kb6 Ke3 1/2-1/2